Statistics for Top 10 Most Populous U.S. States

Click here to take the quiz!

General Stats

  • This quiz has been taken 45,574 times
    (19,361 since last reset)
  • The average score is 8 of 10

Answer Stats

Population State % Correct
39.5 milCalifornia
99%
19.5 milNew York
99%
29.0 milTexas
98%
21.5 milFlorida
96%
12.7 milIllinois
81%
12.8 milPennsylvania
74%
10.6 milGeorgia
74%
11.7 milOhio
72%
9.99 milMichigan
68%
10.5 milNorth Carolina
57%

Score Distribution

Percentile by Number Answered

Percent of People with Each Score

Your Score History

You have not taken this quiz since the last reset